| 000 | 00727nam a2200217 a 4500 | ||
|---|---|---|---|
| 001 | 64536 | ||
| 003 | BD-RjUL | ||
| 005 | 20211209081323.0 | ||
| 008 | 170216s2002 bg |||| |||| 000 0 be d | ||
| 020 | _c: TK 100.00 | ||
| 035 | _a(BD-RjUL)64666 | ||
| 040 |
_aBD-RjUL _bben _cBD-RjUL _dBD-RjUL |
||
| 041 | _aben | ||
| 082 |
_223 _a324.205492 _bRUA 2002 |
||
| 100 | 1 |
_aরুশ্দ, আবু _9189011 |
|
| 245 | 1 |
_aআওয়ামী লীগ ও সশস্ত্রবাহিনী / _cআবু রুশ্দ |
|
| 300 |
_a৯৬ পৃ. ; _c১৯ সেমি. |
||
| 650 |
_aরাজনৈতিক দল _zবাংলাদেশ _9183018 |
||
| 650 |
_aPolitical party _zBangladesh _9183019 |
||
| 942 |
_2ddc _cBK |
||
| 999 |
_c64536 _d64536 |
||